[Event "Bergamo op 1st"]
[Site "Bergamo"]
[Date "2002.07.26"]
[Round "2"]
[White "Pinarelli, Giuseppe"]
[Black "Contin, Daniel"]
[Result "0-1"]
[WhiteElo "1794"]
[BlackElo "2334"]
[PlyCount "56"]
[EventDate "2002.07.26"]
[EventType "swiss"]
[EventRounds "6"]
[EventCountry "ITA"]
[SourceTitle "EXT 2024"]
[Source "ChessBase"]
[SourceDate "2023.10.10"]
[SourceVersion "1"]
[SourceVersionDate "2023.10.10"]
[SourceQuality "1"]

1. c4 e5 2. g3 Nf6 3. Bg2 d5 4. cxd5 Nxd5 5. Nc3 Nb6 6. Nf3 Nc6 7. 0-0 Be7 8. d3 0-0 9. a3 Be6 10. b4 a5 11. b5 Nd4 12. Nxd4 exd4 13. Na4 Bd5 14. Nxb6 cxb6 15. a4 Bxg2 16. Kxg2 Qd5+ 17. Kg1 Rfe8 18. e4 dxe3 19. Bxe3 Bf6 20. Rc1 Re6 21. Qc2 Rd8 22. Qc7 h5 23. Bxb6 h4 24. Rc5 Qf3 25. h3 hxg3 26. Rc2 g2 27. Rfc1 Rxb6 28. Kh2 Rbd6 0-1